[Event "KAZ-ch qual"]
[Site "Astana"]
[Date "2012.02.29"]
[Round "9"]
[White "Linnikov, Sergey"]
[Black "Ospanov, Nazar"]
[Result "0-1"]
[WhiteElo "2227"]
[BlackElo "2286"]
[PlyCount "70"]
[EventDate "2012.02.21"]
[EventType "swiss"]
[EventRounds "9"]
[EventCountry "KAZ"]
[SourceTitle "EXT 2014"]
[Source "ChessBase"]
[SourceDate "2013.11.20"]
[SourceVersion "1"]
[SourceVersionDate "2013.11.20"]
[SourceQuality "1"]

1. d4 Nf6 2. Bg5 d5 3. Nd2 e6 4. e4 dxe4 5. Nxe4 Nbd7 6. Nf3 Be7 7. Nxf6+ Nxf6 8. Bc4 h6 9. Bh4 0-0 10. Qe2 Nd5 11. Bxe7 Nxe7 12. Qe4 Nd5 13. 0-0-0 Rb8 14. Ne5 Nf6 15. Qe2 b5 16. Bxb5 Qd5 17. Bc4 Qb7 18. c3 Qxg2 19. Rhg1 Qxh2 20. Qf3 Qh4 21. Rg3 Bb7 22. Qe3 g5 23. Nxf7 Rxf7 24. Bxe6 Bd5 25. Bxf7+ Kxf7 26. Qd3 Qf4+ 27. Re3 Qxf2 28. b3 Qxa2 29. c4 Qa3+ 30. Kc2 Be4 31. Rxe4 Nxe4 32. Rf1+ Kg7 33. d5 Qxb3+ 34. Qxb3 Rxb3 35. Re1 Rc3+ 0-1

[Event "KAZ-ch qual"]
[Site "Astana"]
[Date "2012.02.25"]
[Round "5"]
[White "Linnikov, Sergey"]
[Black "Soltanov, Serik"]
[Result "1/2-1/2"]
[WhiteElo "2227"]
[BlackElo "2369"]
[PlyCount "50"]
[EventDate "2012.02.21"]
[EventType "swiss"]
[EventRounds "9"]
[EventCountry "KAZ"]
[SourceTitle "EXT 2014"]
[Source "ChessBase"]
[SourceDate "2013.11.20"]
[SourceVersion "1"]
[SourceVersionDate "2013.11.20"]
[SourceQuality "1"]

1. d4 Nf6 2. c4 g6 3. Nc3 Bg7 4. e4 d6 5. Nf3 0-0 6. Be2 e5 7. d5 Nbd7 8. Bg5 h6 9. Bh4 a5 10. Nd2 Nc5 11. b3 Qe8 12. a3 Bd7 13. b4 axb4 14. axb4 Rxa1 15. Qxa1 Ncxe4 16. Ndxe4 Nxe4 17. Nxe4 f5 18. Qa5 b6 19. Qa7 Qb8 20. Qxb8 Rxb8 21. Nf6+ Bxf6 22. Bxf6 Kf7 23. Bxe5 dxe5 24. Kd2 Ra8 25. Rc1 Ra4 1/2-1/2

[Event "KAZ-ch qual"]
[Site "Astana"]
[Date "2012.02.24"]
[Round "4"]
[White "Karabayeva, Zhanna"]
[Black "Linnikov, Sergey"]
[Result "0-1"]
[WhiteElo "2060"]
[BlackElo "2227"]
[PlyCount "30"]
[EventDate "2012.02.21"]
[EventType "swiss"]
[EventRounds "9"]
[EventCountry "KAZ"]
[SourceTitle "EXT 2014"]
[Source "ChessBase"]
[SourceDate "2013.11.20"]
[SourceVersion "1"]
[SourceVersionDate "2013.11.20"]
[SourceQuality "1"]

1. e4 c5 2. Nf3 e6 3. d3 Nc6 4. g3 g6 5. Bg2 Bg7 6. 0-0 Nge7 7. Nbd2 0-0 8. Re1 d6 9. a4 e5 10. Nf1 f5 11. c3 Kh8 12. Ng5 h6 13. Nh3 d5 14. exd5 Nxd5 15. f4 Qd6 0-1

[Event "KAZ-ch qual"]
[Site "Astana"]
[Date "2012.02.23"]
[Round "3"]
[White "Linnikov, Sergey"]
[Black "Egorov, Evgeni"]
[Result "0-1"]
[WhiteElo "2227"]
[BlackElo "2338"]
[PlyCount "51"]
[EventDate "2012.02.21"]
[EventType "swiss"]
[EventRounds "9"]
[EventCountry "KAZ"]
[SourceTitle "EXT 2014"]
[Source "ChessBase"]
[SourceDate "2013.11.20"]
[SourceVersion "1"]
[SourceVersionDate "2013.11.20"]
[SourceQuality "1"]

1. d4 d5 2. c4 Nc6 3. Nc3 dxc4 4. d5 Na5 5. Bf4 c6 6. Nf3 Bd7 7. e4 Rc8 8. Ne5 cxd5 9. exd5 Nf6 10. g4 g6 11. Qf3 h6 12. Ne4 Bg7 13. h4 0-0 14. Ng5 Qb6 15. Ngxf7 Qxb2 16. Rc1 Rxf7 17. Nxf7 Bxg4 18. Qg3 Kxf7 19. f3 Bf5 20. Rh2 Qb4+ 21. Bd2 c3 22. Be3 Nxd5 23. Re2 Nxe3 24. Rxe3 c2+ 25. Ke2 Nc4 26. Rb3 0-1